Fish Pathology

The new edition has a greatly expanded chapter on fish virology and fully revised chapters throughout written by an international team of contributors.

Sparad:
Bibliografiska uppgifter
Materialtyp: Bok
Språk:Undetermined
Publicerad: London Bailliere Tindall 1989
Ämnen:
Taggar: Lägg till en tagg
Inga taggar, Lägg till första taggen!
Thư viện lưu trữ: Trung tâm Học liệu Trường Đại học Cần Thơ
LEADER 00640nam a2200205Ia 4500
001 CTU_150791
008 210402s9999 xx 000 0 und d
020 |b 191 
082 |a 571.917 
082 |b F532 
245 0 |a Fish Pathology 
245 0 |c Edited by Ronald J. Roberts 
260 |a London 
260 |b Bailliere Tindall 
260 |c 1989 
520 |a The new edition has a greatly expanded chapter on fish virology and fully revised chapters throughout written by an international team of contributors. 
650 |a Fishes 
650 |x Diseases 
904 |i Minh 
980 |a Trung tâm Học liệu Trường Đại học Cần Thơ